Salome-torzó [vers] /

Elmentve itt :
Bibliográfiai részletek
Szerző: Dobos László
Dokumentumtípus: Cikk
Megjelent: 1927
Sorozat:Botond : szépirodalmi és tudományos folyóirat 3 No. 5-6
Kulcsszavak:Magyar irodalom vers
Online Access:http://misc.bibl.u-szeged.hu/3271
LEADER 00575nab a2200169 i 4500
001 misc3271
005 20191106142955.0
008 170607s1927 hu o 0|| hun d
040 |a SZTE Miscellanea Repozitórium  |b hun 
041 |a hun 
100 1 |a Dobos László 
245 1 0 |a Salome-torzó   |h [elektronikus dokumentum] :  |b [vers] /  |c  Dobos László 
260 |c 1927 
300 |a 260 
490 0 |a Botond : szépirodalmi és tudományos folyóirat  |v 3 No. 5-6 
695 |a Magyar irodalom vers 
856 4 0 |u http://misc.bibl.u-szeged.hu/3271/1/botond_003_005_006_260.pdf  |z Dokumentum-elérés